|
|
|
|
| LEADER |
00000nam a2200000 i 4500 |
| 001 |
DIGPUZ0054 |
| 003 |
NyNyDIG |
| 007 |
cr ||||||||||| |
| 008 |
250721s2024 sp ob 001 0 spa d |
| 006 |
m o d |
| 035 |
|
|
|a (OCoLC)1528853060
|
| 040 |
|
|
|a DGITA
|b eng
|e rda
|e pn
|c DGITA
|
| 020 |
|
|
|a 9788413408552
|q eBook
|
| 020 |
|
|
|z 9788413408545
|
| 041 |
1 |
|
|a spa
|h ita
|
| 043 |
|
|
|a n-us---
|a e-fr---
|a nwht---
|
| 050 |
1 |
4 |
|a D286 ebook
|
| 100 |
1 |
|
|a De Francesco, Antonino,
|d 1954-
|e author.
|
| 240 |
1 |
0 |
|a Repubbliche atlantiche.
|l Spanish
|s (Rodríguez Vargas)
|
| 245 |
1 |
0 |
|a Repúblicas atlánticas :
|b una historia global de las prácticas revolucionarias (1776-1804) /
|c Antonino De Francesco ; traducción de Hernán Rodríguez Vargas.
|
| 250 |
|
|
|a 1a edición.
|
| 264 |
|
1 |
|a Zaragoza, España :
|b Prensas de la Universidad de Zaragoza,
|c 2024.
|
| 300 |
|
|
|a 1 online resource.
|
| 336 |
|
|
|a text
|b txt
|2 rdacontent
|
| 337 |
|
|
|a computer
|b c
|2 rdamedia
|
| 338 |
|
|
|a online resource
|b cr
|2 rdacarrier
|
| 347 |
|
|
|a text file
|2 rdaft
|
| 347 |
|
|
|b PDF
|
| 490 |
1 |
|
|a Colección Ciencias sociales ;
|v no. 185
|
| 504 |
|
|
|a Includes bibliographical references and index.
|
| 588 |
0 |
|
|a Online resource; title from PDF title page (Digitalia, viewed July 21, 2025)
|
| 650 |
|
0 |
|a History, Modern
|y 18th century.
|
| 650 |
|
0 |
|a Revolutions
|x History
|y 18th century.
|
| 651 |
|
0 |
|a United States
|x History
|y Revolution, 1775-1783.
|
| 651 |
|
0 |
|a France
|x History
|y Revolution, 1789-1799.
|
| 651 |
|
0 |
|a Haiti
|x History
|y Revolution, 1791-1804.
|
| 700 |
1 |
|
|a Rodríguez Vargas, Hernán,
|e translator.
|
| 700 |
1 |
|
|i Translation of:
|a De Francesco, Antonino,
|d 1954-
|t Repubbliche atlantiche.
|
| 791 |
2 |
|
|a Digitalia (Firm),
|e distributor.
|
| 793 |
0 |
|
|g Digitalia eBook Collection:
|a Prensas Universitarias de Zaragoza
|
| 776 |
0 |
8 |
|i Print version:
|a De Francesco, Antonino, 1954-
|s Repubbliche atlantiche. Spanish (Rodríguez Vargas).
|t Repúblicas atlánticas.
|b 1a edición.
|d Zaragoza, España : Prensas de la Universidad de Zaragoza, [2024]
|z 9788413408545
|
| 830 |
|
0 |
|a Ciencias sociales (Zaragoza, Spain) ;
|v 185.
|
| 856 |
4 |
0 |
|3 Digitalia Hispánica
|u https://www.digitaliapublishing.com/a/174820/
|
| 910 |
|
|
|a Premium collection: 2025
|